00505nam a22001697a 4500003001100000005001700011008004100028040003900069041000800108082001700116100002300133245004900156260006600205300001600271650002400287650002400311LK-CoMWRAF20240319122406.0240211b2006 |||||||| |||| 00| 0 eng d aLK-CoMWRAFdLK-CoMWRAFeLK-CoMWRAF aeng a346.015bSID aSiddiqui, Tarannum aMuslim women's rights in Muslim personal Law aNew Delhi :bSarojini Naidu centre for women's studies,c2006 avii., 65 p. aMUSLIM PERSONAL LAW aWomen's rights-Laws